Départements Limitophes de La Marne - Statistiques

Statistiques générales
  • Ce quiz a été pris 83 fois
  • Le résultat moyen est 6 sur 6
Statistiques - réponses
Départements % Correct
Haute-Marne
99%
Aisne
97%
Ardennes
97%
Aube
96%
Meuse
95%
Seine-et-Marne
89%
Aucun quiz correspondant
Distribution des résultats
% des personnes avec chaque résultat
Percentile par nombre de réponses
Votre historique - résultats
Vous n’avez pas pris ce quiz